| 000 | 00657nam a2200205 a 4500 | ||
|---|---|---|---|
| 005 | 20230606114800.0 | ||
| 008 | 190328s2001 mx r 000 0 spa d | ||
| 020 | _a9706514562 | ||
| 035 | _aUPN01000229853 | ||
| 049 | _aCG | ||
| 050 | 4 |
_aF1386.2 _bM4.2 |
|
| 100 | 1 |
_aMejía, Eduardo, _d1948- _943196 |
|
| 245 | 1 | 0 |
_aBaúl de recuerdos : _bsabores, aromas, miradas, sonidos y texturas de la Ciudad de México / _cEduardo Mejía. |
| 260 |
_aMéxico : _bOcéano, _c2001. |
||
| 300 |
_a210, [10] p. : _bil. |
||
| 440 | 0 | _aTiempo de México | |
| 651 | 4 |
_aCiudad de México _xVida social y costumbres _ySiglo XX _927826 |
|
| 905 | _aLibro | ||
| 999 |
_c201948 _d201948 |
||